000 01826nam a2200493 i 4500
001 5969
003 KOSZ 005
005 20220526113821.0
008 980702s1993 pl f f |000 0 pol
015 _aPB 1996/2284
040 _aWA N
_cWA N
_dKOSZ 005/HR
041 0 _apol
_beng
_bger
046 _k1993
080 _a37.018.1/.2
080 _a37.091.3
080 _a316.35-058.8
080 _a(075.8)
245 0 0 _aRodzina, wychowanie, nauczanie :
_bpraca zbiorowa /
_cpod red. Henryka Pielki.
260 _aKoszalin :
_bWydawnictwo Uczelniane WSI,
_c1993.
300 _a166 s. ;
_c24 cm.
336 _2rdacontent
_aTekst
_btxt
337 _2rdamedia
_aBez urządenia pośredniczącego
_bn
338 _2rdacarrier
_aWolumin
_bnc
380 _aKsiążki
380 _aPublikacje dydaktyczne
385 _mPoziom nauczania
_aSzkoły wyższe
388 _a1901-2000
388 _a1989-2000
490 1 _aSkrypty / Wyższa Szkoła Inżynierska w Koszalinie.
521 _aMateriały pomocnicze dla studetów kierunków nauczycielskich.
546 _aStreszcz. ang., niem. przy rozdz.
650 4 _aSocjologia rodziny
650 4 _aMetody wychowawcze
650 4 _aWychowanie w rodzinie
650 4 _aMetody nauczania
655 4 _aPodręczniki akademickie
658 _aEdukacja i pedagogika
700 1 _aPielka, Henryk
_eRedakcja
710 2 _aWydawnictwo Uczelniane (Wyższa Szkoła Inżynierska ; Koszalin)
_4pbl.
830 0 _aSkrypty - Wyższa Szkoła Inżynierska w Koszalinie
856 _uhttp://dlibra.tu.koszalin.pl/dlibra/docmetadata?id=437&from=&dirids=1&ver_id=&lp=1&QI=
_yBiblioteka Cyfrowa
856 _uhttp://koha.tu.koszalin.pl/cgi-bin/koha/opac-detail.pl?biblionumber=5969
_yKatalog online BPK
942 _2UKD
_cKS
999 _c5969
_d5969